000 00658nam a2200193Ia 4500
008 140626s9999 xx 000 0 und d
100 _aGarcia-Retamero, Rocio.
245 _aEffective communication of risks to young adults :
_busing message framing and visual aids to increase condom use and STD screening /
_cRocio Garcia-Retamero ... [et al.].
260 _cc2011.
300 _a17 : 3, page 270
440 _aJournal of Experimental Psycholgy : Applied
521 _aPSYCH
650 _aCondom use.
650 _aMessage frame.
650 _aSexually Transmitted Diseases.
650 _aVisual aids.
650 _aYoung adults.
942 _cSE
999 _c121322
_d121322